[Event "Hradec Kralove Region-chT 2223"]
[Site "Czech Republic"]
[Date "2022.11.27"]
[Round "4.7"]
[White "Landsmannova, Marie Magdalena"]
[Black "Sobotnik, Petr"]
[Result "0-1"]
[WhiteElo "1467"]
[BlackElo "1895"]
[PlyCount "66"]
[EventDate "2022.10.09"]
[EventType "team-tourn"]
[EventRounds "11"]
[EventCountry "CZE"]
[SourceTitle "EXT 2024"]
[Source "ChessBase"]
[SourceDate "2023.10.10"]
[SourceVersion "1"]
[SourceVersionDate "2023.10.10"]
[SourceQuality "1"]

1. e4 c6 2. d4 d5 3. e5 Bf5 4. Nf3 e6 5. Be2 c5 6. c3 Nc6 7. 0-0 Be7 8. Be3 Qb6 9. b3 Rc8 10. a3 Bg6 11. b4 cxd4 12. Nxd4 Nxd4 13. Bxd4 Qc6 14. a4 Kf8 15. b5 Qc7 16. a5 Bc5 17. Qb3 b6 18. axb6 axb6 19. Ra6 Nh6 20. Nd2 Nf5 21. Nf3 Bh5 22. Bxc5+ Qxc5 23. Rfa1 Bxf3 24. Bxf3 g6 25. Qa3 Kg7 26. Qxc5 Rxc5 27. Rxb6 Rxc3 28. Rb7 Rhc8 29. g3 Rxf3 30. Raa7 Nd4 31. b6 Rc2 32. Rd7 Rfxf2 33. b7 Nf3+ 0-1

[Event "Marianske Lazne op 50+"]
[Site "Marianske Lazne"]
[Date "2022.01.21"]
[Round "8"]
[White "Sobotnik, Petr"]
[Black "Paldus, Petr"]
[Result "1/2-1/2"]
[WhiteElo "1914"]
[BlackElo "1977"]
[PlyCount "139"]
[EventDate "2022.01.15"]
[EventType "swiss"]
[EventRounds "9"]
[EventCountry "CZE"]
[SourceTitle "EXT 2023"]
[Source "ChessBase"]
[SourceDate "2022.10.05"]
[SourceVersion "1"]
[SourceVersionDate "2022.10.05"]
[SourceQuality "1"]

1. d4 d5 2. Bf4 e6 3. Nf3 c6 4. e3 f5 5. c4 Nf6 6. Nc3 Be7 7. Ne5 0-0 8. Be2 Nbd7 9. h3 Nxe5 10. Bxe5 Bd6 11. Bxd6 Qxd6 12. c5 Qc7 13. f4 b5 14. Bd3 a5 15. 0-0 Bd7 16. Kh2 a4 17. a3 Ne4 18. Nxe4 fxe4 19. Be2 Be8 20. Qe1 Bg6 21. g4 Rfb8 22. Qb4 Qa5 23. Kg2 Qd8 24. Kg3 Qa5 25. h4 h6 26. Kh3 Rb7 27. h5 Bh7 28. Rfb1 g5 29. fxg5 hxg5 30. Rf1 Kg7 31. Rf2 Qxb4 32. axb4 Rf7 33. Rxf7+ Kxf7 34. Ra3 e5 35. b3 axb3 36. Rxb3 Ra2 37. Bf1 exd4 38. exd4 Rd2 39. Ra3 e3 40. Rxe3 Rxd4 41. Ra3 Rxb4 42. Ra7+ Kg8 43. Rc7 Rb3+ 44. Kh2 Rb1 45. Rc8+ Kf7 46. Rc7+ Ke6 47. Rxh7 Rxf1 48. Rc7 Ke5 49. Rxc6 d4 50. Rb6 d3 51. Rd6 Rc1 52. Rxd3 Rxc5 53. h6 Rc7 54. Rb3 Rb7 55. Kg3 Kf6 56. Kf2 Kg6 57. Rh3 b4 58. Ke2 Kh7 59. Kd2 b3 60. Kc1 b2+ 61. Kb1 Rb4 62. Rh5 Rb5 63. Rh2 Rb4 64. Rh5 Rxg4 65. Kxb2 Rg3 66. Kc2 g4 67. Rh4 Rg1 68. Kd2 g3 69. Ke2 g2 70. Rg4 1/2-1/2

[Event "Hradec Kralove op 10th"]
[Site "Hradec Kralove"]
[Date "2019.10.27"]
[Round "2"]
[White "Kratochvil, Vit"]
[Black "Sobotnik, Petr"]
[Result "1-0"]
[WhiteElo "2207"]
[BlackElo "1903"]
[PlyCount "49"]
[EventDate "2019.10.26"]
[EventType "swiss"]
[EventRounds "9"]
[EventCountry "CZE"]
[SourceTitle "CBM 193 Extra"]
[Source "ChessBase"]
[SourceDate "2020.01.31"]
[SourceVersion "1"]
[SourceVersionDate "2020.01.31"]
[SourceQuality "1"]

1. e4 c6 2. d4 d5 3. Nc3 dxe4 4. Nxe4 Bf5 5. Ng3 Bg6 6. h4 h6 7. Nh3 Nf6 8. Nf4 Bh7 9. Bc4 Nd5 10. 0-0 Nxf4 11. Bxf4 e6 12. Re1 Be7 13. Nh5 Kf8 14. Be5 Rg8 15. Qf3 Bf5 16. g4 g6 17. Ng3 Bxh4 18. gxf5 gxf5 19. Kf1 Nd7 20. Bd6+ Kg7 21. Qh5 Qg5 22. Be7 Qxh5 23. Nxh5+ Kg6 24. Nf4+ Kh7 25. Bxh4 1-0

[Event "CZE-chT2D 1718"]
[Site "Czech Republic"]
[Date "2017.11.05"]
[Round "2.8"]
[White "Sobotnik, Petr"]
[Black "Suchomelova, Simona"]
[Result "0-1"]
[WhiteElo "1916"]
[BlackElo "1895"]
[PlyCount "116"]
[EventDate "2017.10.15"]
[EventType "team-tourn"]
[EventRounds "11"]
[EventCountry "CZE"]
[SourceTitle "EXT 2022"]
[Source "ChessBase"]
[SourceDate "2021.10.06"]
[SourceVersion "1"]
[SourceVersionDate "2021.10.06"]
[SourceQuality "1"]
[WhiteTeam "Nachod"]
[BlackTeam "Chotebor"]
[WhiteTeamCountry "CZE"]
[BlackTeamCountry "CZE"]

1. c4 e5 2. Nc3 Nf6 3. g3 d5 4. cxd5 Nxd5 5. Bg2 Ne7 6. d3 g6 7. Bg5 Qd6 8. Nf3 Bg7 9. 0-0 h6 10. Be3 Nbc6 11. Rc1 f5 12. Nb5 Qd8 13. Ne1 a6 14. Nc3 Be6 15. Bc5 Qd7 16. Qa4 Nd5 17. Nc2 0-0-0 18. Nxd5 Bxd5 19. Bxd5 Qxd5 20. Nb4 Nxb4 21. Bxb4 Qb5 22. Qxb5 axb5 23. Rc2 c6 24. Rfc1 Kd7 25. Bc3 Rhg8 26. Rd1 Ke6 27. Rcd2 Rd7 28. e4 fxe4 29. dxe4 Rgd8 30. Rxd7 Rxd7 31. Rxd7 Kxd7 32. f4 Ke6 33. Kg2 b4 34. Bxe5 Bxe5 35. fxe5 Kxe5 36. Kf3 c5 37. Ke3 b5 38. Kd3 c4+ 39. Ke3 c3 40. bxc3 bxc3 41. a3 c2 42. Kd2 c1Q+ 43. Kxc1 Kxe4 44. Kc2 Kd4 45. Kb3 Kd5 46. Kb4 Kc6 47. Ka5 Kc5 48. Ka6 g5 49. Kb7 h5 50. Kc7 h4 51. Kd7 Kd5 52. Kc7 h3 53. Kd7 Ke4 54. Kc6 Kf3 55. Kxb5 Kg2 56. a4 Kxh2 57. a5 Kxg3 58. a6 h2 0-1

[Event "CZE-chT2D 1718"]
[Site "Czech Republic"]
[Date "2017.10.15"]
[Round "1.7"]
[White "Komarkova, Magdalena"]
[Black "Sobotnik, Petr"]
[Result "1/2-1/2"]
[WhiteElo "2002"]
[BlackElo "1916"]
[PlyCount "90"]
[EventDate "2017.10.15"]
[EventType "team-tourn"]
[EventRounds "11"]
[EventCountry "CZE"]
[SourceTitle "EXT 2022"]
[Source "ChessBase"]
[SourceDate "2021.10.06"]
[SourceVersion "1"]
[SourceVersionDate "2021.10.06"]
[SourceQuality "1"]
[WhiteTeam "Policka Stefanydes"]
[BlackTeam "Nachod"]
[WhiteTeamCountry "CZE"]
[BlackTeamCountry "CZE"]

1. e4 c6 2. d4 d5 3. exd5 cxd5 4. c4 Nf6 5. Nc3 Nc6 6. Nf3 dxc4 7. Bxc4 e6 8. 0-0 Be7 9. Bf4 0-0 10. Re1 a6 11. d5 exd5 12. Nxd5 Nxd5 13. Bxd5 Bb4 14. Re4 a5 15. a3 Bc5 16. Rc1 Ba7 17. Qb3 Bf5 18. Re2 Rc8 19. Rd1 Qb6 20. Qa2 Qa6 21. Red2 Bg6 22. h3 Bb8 23. Bxb8 Rxb8 24. Nh4 Ne7 25. Bc4 Qf6 26. Nxg6 Nxg6 27. Qb3 Ne5 28. Rd6 Qf4 29. Bb5 Rbc8 30. Qa4 Qxa4 31. Bxa4 Nc4 32. Rd7 Nxb2 33. R1d4 Nxa4 34. Rxa4 b6 35. Rad4 Rb8 36. Ra7 Ra8 37. Rb7 Rab8 38. Ra7 g6 39. Rdd7 Kg7 40. Kh2 Kf6 41. Kg3 Ke6 42. Re7+ Kf6 43. Rec7 h5 44. Kf4 Rbc8 45. Rcb7 Rb8 1/2-1/2

[Event "CZE-ch Seniors 60"]
[Site "Rychnov nad Kneznou"]
[Date "2015.08.17"]
[Round "3"]
[White "Pittermann, Jan"]
[Black "Sobotnik, Petr"]
[Result "0-1"]
[WhiteElo "1832"]
[BlackElo "1984"]
[PlyCount "82"]
[EventDate "2015.08.15"]
[EventType "swiss"]
[EventRounds "9"]
[EventCountry "CZE"]
[SourceTitle "EXT 2016"]
[Source "ChessBase"]
[SourceDate "2015.10.08"]
[SourceVersion "1"]
[SourceVersionDate "2015.10.08"]
[SourceQuality "1"]

1. c4 e5 2. g3 Nc6 3. Nc3 Bb4 4. Bg2 Nf6 5. e3 0-0 6. Nge2 Re8 7. 0-0 d6 8. a3 Bxc3 9. Nxc3 Be6 10. d3 Qd7 11. b4 Bh3 12. Nd5 Nxd5 13. cxd5 Bxg2 14. Kxg2 Ne7 15. e4 Ng6 16. f4 exf4 17. Bxf4 a5 18. Bd2 axb4 19. Bxb4 f6 20. Bc3 Ra4 21. Bb2 Rea8 22. Qe2 c5 23. dxc6 bxc6 24. Rac1 c5 25. Rc2 Rb8 26. Rfc1 Qb5 27. h4 Ne5 28. Bxe5 fxe5 29. Rc3 Rd4 30. h5 h6 31. g4 Rf8 32. Rc4 Rxc4 33. Rxc4 Qb3 34. Qc2 Rb8 35. a4 Qa3 36. Rc3 Qa1 37. Rb3 Ra8 38. Qc4+ Kh8 39. Rb6 Rf8 40. d4 Qe1 41. dxc5 Rf2+ 0-1

[Event "Nachod op 11th"]
[Site "Nachod"]
[Date "2013.07.03"]
[Round "5"]
[White "Sobotnik, Petr"]
[Black "Kuru, Martin"]
[Result "1/2-1/2"]
[WhiteElo "1975"]
[BlackElo "1834"]
[PlyCount "89"]
[EventDate "2013.06.29"]
[EventType "swiss"]
[EventRounds "9"]
[EventCountry "CZE"]
[SourceTitle "CBM 155 Extra"]
[Source "ChessBase"]
[SourceDate "2013.08.26"]
[SourceVersion "1"]
[SourceVersionDate "2013.08.26"]
[SourceQuality "1"]

1. c4 c6 2. d4 d5 3. e3 Nf6 4. Nf3 Bf5 5. Nc3 e6 6. Be2 Bb4 7. 0-0 0-0 8. Qb3 Qe7 9. c5 Ba5 10. Qa4 Bc7 11. b4 a6 12. Qd1 Nbd7 13. Bb2 e5 14. dxe5 Nxe5 15. Nxe5 Qxe5 16. g3 Bh3 17. Re1 Ne4 18. Qc2 Rfe8 19. Bd3 Qf5 20. Nxe4 dxe4 21. Be2 Rad8 22. Rad1 Be5 23. Rxd8 Rxd8 24. Rd1 Bc7 25. Rxd8+ Bxd8 26. Qd2 Qd7 27. Qxd7 Bxd7 28. Kf1 Be6 29. a3 f6 30. Ke1 Kf7 31. Kd2 Bd5 32. Bd4 Ke6 33. Kc3 Bc7 34. Bf1 g6 35. Bh3+ f5 36. Bf1 g5 37. Bg7 h5 38. Be2 h4 39. Kd4 hxg3 40. hxg3 g4 41. a4 Bb3 42. Bc4+ Bxc4 43. Kxc4 Be5 44. Bxe5 Kxe5 45. a5 1/2-1/2

[Event "Janske Lazne op"]
[Site "Janske Lazne"]
[Date "2013.05.08"]
[Round "2"]
[White "Martinovsky, Miroslav"]
[Black "Sobotnik, Petr"]
[Result "1/2-1/2"]
[WhiteElo "1816"]
[BlackElo "1996"]
[PlyCount "41"]
[EventDate "2013.05.07"]
[EventType "swiss"]
[EventRounds "8"]
[EventCountry "CZE"]
[SourceTitle "CBM 154 Extra"]
[Source "ChessBase"]
[SourceDate "2013.06.25"]
[SourceVersion "2"]
[SourceVersionDate "2013.06.25"]
[SourceQuality "1"]

1. Nf3 Nc6 2. d4 d5 3. Bf4 Bg4 4. e3 e6 5. h3 Bh5 6. Be2 Bxf3 7. Bxf3 Bd6 8. Bxd6 Qxd6 9. c3 Nf6 10. 0-0 0-0 11. Nd2 Rad8 12. Qc2 e5 13. a3 e4 14. Be2 Ne7 15. c4 c6 16. b4 Ne8 17. cxd5 cxd5 18. Qc5 b6 19. Qxd6 Nxd6 20. Rfc1 Rd7 21. Rc2 1/2-1/2

[Event "Rychnov Seniors op"]
[Site "Rychnov nad Kneznou"]
[Date "2012.08.28"]
[Round "9"]
[White "Korinkova, Eva"]
[Black "Sobotnik, Petr"]
[Result "1-0"]
[WhiteElo "1823"]
[BlackElo "1970"]
[PlyCount "82"]
[EventDate "2012.08.20"]
[EventType "swiss"]
[EventRounds "9"]
[EventCountry "CZE"]
[SourceTitle "CBM 150 Extra"]
[Source "ChessBase"]
[SourceDate "2012.10.19"]
[SourceVersion "1"]
[SourceVersionDate "2012.10.19"]
[SourceQuality "1"]

1. d4 Nf6 2. c4 b6 3. Nf3 Bb7 4. Nc3 e6 5. a3 Be7 6. e3 d6 7. Be2 Nbd7 8. Qc2 e5 9. d5 a5 10. 0-0 0-0 11. b3 Re8 12. e4 Bf8 13. Bg5 h6 14. Bh4 Be7 15. b4 Nf8 16. Bg3 N6h7 17. c5 Ng6 18. c6 Bc8 19. Nd2 Bg5 20. Nc4 Nf4 21. Bxf4 exf4 22. bxa5 bxa5 23. Rab1 Bf6 24. Nb5 Ng5 25. f3 Be5 26. Bd3 h5 27. Qd2 h4 28. Nxe5 dxe5 29. Rfc1 h3 30. Bf1 Ba6 31. Qxa5 Bxb5 32. Qxb5 Rxa3 33. Rb3 Qa8 34. Rcb1 Ra2 35. Qb7 Qa5 36. R3b2 Qc5+ 37. Kh1 Rxb2 38. Qxb2 Qe3 39. Qe2 hxg2+ 40. Kxg2 Qc3 41. Qd3 Qa3 1-0

[Event "Rychnov Seniors op"]
[Site "Rychnov nad Kneznou"]
[Date "2012.08.27"]
[Round "8"]
[White "Sobotnik, Petr"]
[Black "Humlicek, Vojtech"]
[Result "1/2-1/2"]
[WhiteElo "1970"]
[BlackElo "1959"]
[PlyCount "110"]
[EventDate "2012.08.20"]
[EventType "swiss"]
[EventRounds "9"]
[EventCountry "CZE"]
[SourceTitle "CBM 150 Extra"]
[Source "ChessBase"]
[SourceDate "2012.10.19"]
[SourceVersion "1"]
[SourceVersionDate "2012.10.19"]
[SourceQuality "1"]

1. c4 Nf6 2. Nc3 g6 3. g3 Bg7 4. Bg2 0-0 5. Nf3 d5 6. cxd5 Nxd5 7. 0-0 c6 8. e4 Nxc3 9. bxc3 e5 10. d3 Qe7 11. Qc2 c5 12. Bg5 f6 13. Be3 Nc6 14. Rab1 Be6 15. Rfd1 Rac8 16. Qe2 Bg4 17. h3 Be6 18. Ne1 b6 19. f4 Qf7 20. Rd2 Rfd8 21. Nf3 Rc7 22. Rf1 exf4 23. gxf4 Qd7 24. Kh2 Ne7 25. d4 cxd4 26. Rxd4 Qc8 27. Rxd8+ Qxd8 28. Rd1 Qc8 29. Bd4 Bc4 30. Qf2 Qe6 31. e5 Bxa2 32. exf6 Bxf6 33. Bxf6 Qxf6 34. Qxa2+ Kg7 35. Qd2 Rxc3 36. Ne5 Rc7 37. Rc1 Rxc1 38. Qxc1 a5 39. Qd2 b5 40. Nd7 Qf5 41. Qd6 Kh6 42. Kg3 Ng8 43. Nc5 b4 44. Be4 Qf7 45. Bd5 Qe7 46. Qxe7 Nxe7 47. Bb3 g5 48. Nb7 Nf5+ 49. Kg4 Ne3+ 50. Kf3 Nf5 51. Nxa5 gxf4 52. Kxf4 Nd4 53. Bd5 Kh5 54. Ke4 Ne2 55. Be6 Kh4 1/2-1/2

[Event "Rychnov Seniors op"]
[Site "Rychnov nad Kneznou"]
[Date "2012.08.20"]
[Round "1"]
[White "Privoznik, Lubos"]
[Black "Sobotnik, Petr"]
[Result "1/2-1/2"]
[WhiteElo "1666"]
[BlackElo "1970"]
[PlyCount "117"]
[EventDate "2012.08.20"]
[EventType "swiss"]
[EventRounds "9"]
[EventCountry "CZE"]
[SourceTitle "CBM 150 Extra"]
[Source "ChessBase"]
[SourceDate "2012.10.19"]
[SourceVersion "1"]
[SourceVersionDate "2012.10.19"]
[SourceQuality "1"]

1. e4 c6 2. d4 d5 3. Nc3 dxe4 4. Nxe4 Bf5 5. Ng3 Bg6 6. Nf3 Nd7 7. Bd3 Bxd3 8. Qxd3 Ngf6 9. 0-0 e6 10. Bg5 Be7 11. Rfe1 0-0 12. Bxf6 Bxf6 13. Ne4 Qc7 14. Qe3 Rad8 15. c3 Be7 16. Neg5 Bxg5 17. Nxg5 Nf6 18. Nf3 Rd5 19. Ne5 Rfd8 20. b4 b6 21. Nd3 Rh5 22. Qf4 Qxf4 23. Nxf4 Rf5 24. g3 g5 25. Nd3 Kg7 26. Ne5 Rc8 27. c4 h5 28. Rad1 g4 29. a4 Nh7 30. c5 Ng5 31. Kf1 Nf3 32. Nxf3 Rxf3 33. Re3 Rxe3 34. fxe3 bxc5 35. dxc5 Kf6 36. Ke2 Rb8 37. Rb1 a6 38. Kd3 Ke5 39. Kc4 Ke4 40. b5 axb5+ 41. axb5 cxb5+ 42. Rxb5 Rc8 43. Rb3 f5 44. Kb5 Rb8+ 45. Kc4 Rxb3 46. Kxb3 Kd5 47. Kb4 Kc6 48. Kc4 e5 49. Kb4 h4 50. gxh4 f4 51. exf4 exf4 52. h5 f3 53. h6 f2 54. h7 f1Q 55. h8Q Qb5+ 56. Kc3 Qxc5+ 57. Kb3 Qe3+ 58. Qc3+ Qxc3+ 59. Kxc3 1/2-1/2

[Event "Nachod op"]
[Site "Nachod"]
[Date "2012.07.07"]
[Round "8"]
[White "Gerych, Jan"]
[Black "Sobotnik, Petr"]
[Result "0-1"]
[WhiteElo "2052"]
[BlackElo "1920"]
[PlyCount "70"]
[EventDate "2012.06.30"]
[EventType "swiss"]
[EventRounds "9"]
[EventCountry "CZE"]
[SourceTitle "CBM 149 Extra"]
[Source "ChessBase"]
[SourceDate "2012.08.24"]
[SourceVersion "1"]
[SourceVersionDate "2012.08.24"]
[SourceQuality "1"]

1. d4 Nf6 2. Bf4 g6 3. e3 Bg7 4. h3 0-0 5. Nf3 d6 6. Nbd2 Nbd7 7. Be2 c5 8. c3 b6 9. 0-0 Bb7 10. Qc2 Rc8 11. Bh2 Re8 12. Rfd1 Bh6 13. a4 Rf8 14. a5 Nd5 15. axb6 axb6 16. Ra7 Bc6 17. Bf1 Ra8 18. Rda1 Rxa7 19. Rxa7 Qb8 20. Ra3 Qc7 21. e4 N5f6 22. e5 Nd5 23. exd6 exd6 24. Ne4 Nf4 25. dxc5 bxc5 26. Nfg5 d5 27. Qd2 dxe4 28. Bxf4 Ne5 29. Kh1 Bg7 30. Qe3 Qb7 31. Qxc5 Nd3 32. Bxd3 exd3 33. Ra7 Qxb2 34. Qxc6 Qxf2 35. Qf3 Qxa7 0-1

[Event "Nachod op"]
[Site "Nachod"]
[Date "2012.07.06"]
[Round "7"]
[White "Sobotnik, Petr"]
[Black "Mohapl, Petr"]
[Result "1/2-1/2"]
[WhiteElo "1920"]
[BlackElo "2096"]
[PlyCount "38"]
[EventDate "2012.06.30"]
[EventType "swiss"]
[EventRounds "9"]
[EventCountry "CZE"]
[SourceTitle "CBM 149 Extra"]
[Source "ChessBase"]
[SourceDate "2012.08.24"]
[SourceVersion "1"]
[SourceVersionDate "2012.08.24"]
[SourceQuality "1"]

1. c4 e6 2. Nc3 d5 3. d4 Nf6 4. Nf3 Nbd7 5. cxd5 exd5 6. Bg5 c6 7. e3 Qa5 8. Nd2 Bd6 9. Rc1 0-0 10. Nb3 Qc7 11. Bd3 Re8 12. Nd2 a6 13. Nf3 Qd8 14. 0-0 Nf8 15. e4 dxe4 16. Nxe4 Be7 17. Nxf6+ Bxf6 18. Bxf6 Qxf6 19. Qb3 Ne6 1/2-1/2

[Event "Nachod op"]
[Site "Nachod"]
[Date "2012.07.05"]
[Round "6"]
[White "Cernik, Lukas"]
[Black "Sobotnik, Petr"]
[Result "1-0"]
[WhiteElo "2194"]
[BlackElo "1920"]
[PlyCount "81"]
[EventDate "2012.06.30"]
[EventType "swiss"]
[EventRounds "9"]
[EventCountry "CZE"]
[SourceTitle "CBM 149 Extra"]
[Source "ChessBase"]
[SourceDate "2012.08.24"]
[SourceVersion "1"]
[SourceVersionDate "2012.08.24"]
[SourceQuality "1"]

1. b3 e5 2. Bb2 Nc6 3. c4 Nf6 4. Nc3 d5 5. cxd5 Nxd5 6. e3 Ndb4 7. Qb1 f5 8. a3 Nd5 9. Qc2 a6 10. Nf3 Nb6 11. Be2 e4 12. Ng1 Be6 13. Nh3 Bf7 14. 0-0 Na5 15. b4 Nac4 16. Rfd1 Nxb2 17. Qxb2 Qf6 18. Qc2 Bd6 19. d3 exd3 20. Bxd3 0-0 21. Ne2 Bh5 22. Rac1 Qe5 23. g3 Bg4 24. Nhf4 Qf6 25. Rd2 g5 26. Ng2 Bh3 27. Nd4 Rae8 28. Ne1 f4 29. exf4 gxf4 30. Bxh7+ Kg7 31. Nef3 fxg3 32. hxg3 Qh6 33. Bf5 Rf6 34. Nh4 Bxg3 35. fxg3 Qe3+ 36. Kh2 Nd5 37. Bxh3 Re5 38. Ndf5+ Rfxf5 39. Nxf5+ Rxf5 40. Bxf5 Qh6+ 41. Bh3 1-0

[Event "Nachod op"]
[Site "Nachod"]
[Date "2012.07.03"]
[Round "4"]
[White "Molnar, Jiri"]
[Black "Sobotnik, Petr"]
[Result "0-1"]
[WhiteElo "1863"]
[BlackElo "1920"]
[PlyCount "52"]
[EventDate "2012.06.30"]
[EventType "swiss"]
[EventRounds "9"]
[EventCountry "CZE"]
[SourceTitle "CBM 149 Extra"]
[Source "ChessBase"]
[SourceDate "2012.08.24"]
[SourceVersion "1"]
[SourceVersionDate "2012.08.24"]
[SourceQuality "1"]

1. e4 c6 2. f4 d5 3. Nc3 dxe4 4. Nxe4 Nf6 5. Nf2 g6 6. Nf3 Bg7 7. Bc4 0-0 8. 0-0 b5 9. Bb3 Qc7 10. d3 Nbd7 11. g3 Nc5 12. h3 Nxb3 13. axb3 Nh5 14. Kh2 c5 15. Qe2 Bb7 16. Re1 e6 17. Ne5 f6 18. g4 fxe5 19. gxh5 exf4 20. Qxe6+ Kh8 21. hxg6 f3+ 22. Kh1 Qg3 23. Rg1 Qxf2 24. gxh7 Qd4 25. Rxg7 Qxg7 26. Bg5 f2+ 0-1